Bilateral monopoly and industrial location.

Skúmanie úlohy maximalizácie zisku prostredníctvom rokovaní pri lokalizačných rozhodnutiach bilaterálneho monopolu. Možnosti existencie intermediálnych lokalít pre kupujúceho a predávajúceho. Závislosť vplyvu rastu nákladov na energiu na štruktúre priemyselných lokalít nielen od charakteru výrobnej...

Descrizione completa

Salvato in:
Dettagli Bibliografici
Autore principale: Cheng, D.
Altri autori: Shieh, Y.N
Natura: Capitolo di libro
Lingua:inglese
Soggetti:
Tags: Aggiungi Tag
Nessun Tag, puoi essere il primo ad aggiungerne!!

MARC

LEADER 00000naa a2200000 4500
001 r011382
005 20221130113200.5
041 0 |a eng 
044 |a NL 
245 1 0 |a Bilateral monopoly and industrial location.  |c D. Cheng, Y.N. Shieh 
520 |a Skúmanie úlohy maximalizácie zisku prostredníctvom rokovaní pri lokalizačných rozhodnutiach bilaterálneho monopolu. Možnosti existencie intermediálnych lokalít pre kupujúceho a predávajúceho. Závislosť vplyvu rastu nákladov na energiu na štruktúre priemyselných lokalít nielen od charakteru výrobnej funkcie kupujúceho, ale aj výrobnej funkcie predávajúceho. 
610 2 0 |a monopoly 
610 2 0 |a priemysel 
610 2 0 |a ekonomika priestorová 
610 2 0 |a lokalizácia 
610 2 0 |a nákup 
610 2 0 |a predaj 
100 1 |a Cheng, D. 
700 1 |a Shieh, Y.N.